000 00546nam a2200229Ia 4500
005 20230503085828.0
008 230125s9999 xx 000 0 und d
020 _a9789350536001
041 _aeng
082 _a332.1
_bRAJ
100 _aRajput N
_9118257
245 _aBanking And Insurance
250 _a1st Ed.
260 _c2017
_bCyber tech publisher
_aNew Delhi
300 _a264p
500 _aBanking
650 _aBanking
_9119034
700 _aRajput N & Talan a
_9118258
906 _b420
942 _cBK
999 _c96264
_d96264